| 000 | 00571nam a2200205Ia 4500 | ||
|---|---|---|---|
| 008 | 140609s9999 xx 000 0 und d | ||
| 020 | _a9780439918664 | ||
| 050 |
_aTA 405 _b.H55 2008 |
||
| 100 | _aHillman, Ben. | ||
| 245 |
_aHow strong is it? : _ba mighty book all about strength / _cBen Hillman |
||
| 260 |
_aNew York : _bScholastic, _cc2008. |
||
| 300 |
_a48 p. : _bcol. ill. ; _c30 cm. |
||
| 500 | _aIncludes index. | ||
| 521 | _aGE | ||
| 650 | _aMechanics. | ||
| 650 | _aMuscles. | ||
| 650 | _aStrength of materials. | ||
| 942 |
_kFOR _cBK |
||
| 999 |
_c118236 _d118236 |
||